Регионална библиотека "Любен Каравелов" - Русе

Вселената (Запис номер 104310)

MARC детайли
000 -Лидер
Контролно поле с фиксирана дължина 01818nam a2200445 c 4500
003 - Код на организацията, давaща контролен номер
Контролно поле BLK
005 - Дата и час на последна редакция
Контролно поле 20231219005405.0
008 - Елементи от данни с фиксирана дължина
fixed length control field 180409b bul|||||r ||||||| ||bul||
010 ## - Наследен системен номер
LC control number KNG00109414000
020 ## - Международен стандартен номер на книга ISBN
Международен стандартен номер на книга ISBN 954-26-0120-4
040 ## - Източник на каталожния запис
Идентификатор на билиотеката - собственик на записа BLK
041 ## - Код за език
Код за езика на текст/звукозапис или на отделно заглавие Български
Код за езика КДБФ Български
080 ## - УДК
УДК код - определител по УДК 523/524
УДК определител :087.5
УДК - код + определител 523/524:087.5
100 1# - Редна дума - Автор
Автор Дейвис, Франсис
Авторска отговорност първи автор
R(LIN) 285502
139 ## - Редно поле
Редна дума Дейвис, Франсис
Авторски знак Деи - Д 34
245 10 - Сведения за заглавието
Заглавие Вселената
Редно поле (дума) Франсис Дейвис; прев. от англ. Маргарита Месроб Дограмаджян; ил. Лоренцо Чеки.
257 ## - Страна на издаване
Страна на създаване/издаване Съединени американски щати
260 ## - Област на издателските данни
Име на издателя, разпространителя и проч. Хермес
Година на издаване 2003
Печатница Пловдив : Багра
300 ## - Физическа характеристика
Страници 32 с.
Илюстрации и др. с цв. ил.
Размери/Мащаб 26 см
380 ## - Жанр
Жанр Детска отраслова лит.
490 ## - СЕРИИ (Колекции)
Име на серия Детска енциклопедия Да научим повече за...
9 (RLIN) 201224
500 ## - Общи забележки
Забележка Ориг. загл. The Universe / Francis Davies. - Авт. не е отбелязан на кор. - Офс. изд. - Съдържа и Речник ; Уебстраници. - Азб. показалец.
650 #4 - Допълнително описание по предмет – тема
Основно описание – тема или топоним Космология
9 (RLIN) 159537
650 #4 - Допълнително описание по предмет – тема
Основно описание – тема или топоним Енциклопедии, детски
9 (RLIN) 154962
653 ## - Ключова дума – ненормативна
Ключова дума Вселена
653 ## - Ключова дума – ненормативна
Ключова дума енциклопедии
653 ## - Ключова дума – ненормативна
Ключова дума космология
653 ## - Ключова дума – ненормативна
Ключова дума Космос
653 ## - Ключова дума – ненормативна
Ключова дума литература за деца
653 ## - Ключова дума – ненормативна
Ключова дума детска литература
700 1# - Други автори (авторска отговорност)
Лично име Дограмаджян, Маргарита Месроб
Автороска отговорност (Описва отношението между автора и произведението) прев. от англ.
9 (RLIN) 63864
700 1# - Други автори (авторска отговорност)
Лично име Чеки, Лоренцо
Автороска отговорност (Описва отношението между автора и произведението) ил.
9 (RLIN) 141196
852 ## - Местоположение
Форматна сигнатура Цб ІІ 12302
856 4# - Електронен адрес и достъп
Електронен формат pdf - файл
856 4# - Електронен адрес и достъп
Електронен формат pdf - файл
999 ## - СИСТЕМНИ КОНТРОЛНИ НОМЕРА
Koha biblionumber 104310
Koha biblioitemnumber 104310
942 ## - АРТИКУЛИ
Вид на библиотечния материал Книги
Скрит в OPAC Не
Koha issues (borrowed), all copies 3
Периодичен библиозапис Да
944 ## - СЪЗДАВАНЕ И РЕДАКЦИЯ на ЗАПИСА
Създаване/Редакция Създаване
Дата на регистрацията/редакция 05.12.2003
Служител, извършил регистрацията/редакцията
Статус, дата на статуса CRON CRON
944 ## - СЪЗДАВАНЕ И РЕДАКЦИЯ на ЗАПИСА
Създаване/Редакция Редакция
Дата на регистрацията/редакция 07.01.2005
999 ## - СИСТЕМНИ КОНТРОЛНИ НОМЕРА
Koha biblioitemnumber 104310
Наличности
Код за отписване Код за изгубен артикул Код за повреда Коз за рестрикции Код за отдаване Артикулен № Име на библиотеката - собственик Име на библиотеката, в която се намира в момента Статус (Текущо местоположение) Дата на вписване в системата Местоположение - отдел Цена в лева Инвентарен номер Систематично азбучна сигнатура Баркод Номер на екземпляра Цена в евро Служебна бележка Служебен тип на артикула Източник на класификационната схема
Изтеглен Не е изгубен Не е повреден без рестрикции заемане за дома 168447 Регионална библиотека "Любен Каравелов" Русе Регионална библиотека "Любен Каравелов" Русе Детски отдел 2003-12-05 Детски отдел 4.50 120000680650 Д 52/Д 34 120000680650 1 2.30 Дост: Pk Вид: Ф N: 38 Дата: 03.12.2003 Дата инв: 19.08.2015 Бележки инв: Д2015 Книги  
  Не е изгубен Не е повреден само за читалня ползва се в читалня 168448 Регионална библиотека "Любен Каравелов" Русе Регионална библиотека "Любен Каравелов" Русе Хранилище 2004-11-19 Хранилище 4.50 120000690304 Цб ІІ 12302 120000690304 2 2.30 Дост: Dp Вид: Д N: 6 Дата: 28.01.2004 Книги Universal Decimal Classification
Vip Innovations Ltd, Rousse, Bulgaria 2025